Estações de trem da CPTM sobre o mapa de São Paulo - Statistics

Estatísticas Gerais
  • Esse quiz foi jogado 74 vezes
  • A pontuação média é 47 de 99
Respostas no mapa
Respostas codificadas por cores de uma escala verde-vermelha no mapa do quiz de acordo com a % correta abaixo.
 
Estatísticas das Respostas
% Correto
Luz
88%
Brás
84%
Jundiaí
81%
Barra Funda
79%
Osasco
79%
Palmeiras - Barra Funda
79%
Prefeito Celso Daniel - Santo André
76%
Guarulhos - Cecap
74%
Pinheiros
74%
Ipiranga
72%
Lapa
72%
Lapa - Senac
72%
Mauá
72%
Corinthians Itaquera
71%
Juventus - Mooca
69%
Rio Grande da Serra
69%
Tatuapé
67%
Estudantes
64%
Francisco Morato
64%
Mogi das Cruzes
64%
Aeroporto - Guarulhos
62%
Água Branca
62%
Perus
62%
Suzano
62%
Barueri
60%
Itapevi
59%
Santo Amaro
59%
Grajaú
57%
Morumbi - Claro
57%
Pirituba
57%
Tamanduateí
57%
Poá
55%
São Caetano do Sul - Prefeito Walter Braido
55%
Itaquaquecetuba
53%
Júlio Prestes
53%
Ribeirão Pires - Antônio Bespalec
53%
Ferraz de Vasconcelos
52%
Guaianases
52%
Carapicuíba
50%
Cidade Universitária
50%
Eng Goulart
50%
Franco da Rocha
50%
Primavera - Interlagos
50%
São Miguel Paulista
50%
Villa Lobos - Jaguaré
50%
Prefeito Saladino
48%
Autódromo
47%
Calmon Viana
47%
USP Leste
47%
Utinga
47%
Campo Limpo Paulista
45%
Imperatriz Leopoldina
45%
Itaim Paulista
45%
Jandira
45%
Jaraguá
45%
Presidente Altino
45%
Varginha
45%
Ceasa
43%
Dom Bosco
43%
Mendes - Vila Natal - Bruno Covas
43%
Capuava
41%
Caieiras
40%
Hebraica - Rebouças
40%
Piqueri
40%
Vila Aurora
40%
Vila Clarice
40%
Vila Olímpia
40%
Botujuru
38%
José Bonifácio
38%
Amador Bueno
36%
Berrini
36%
Cidade Jardim
36%
Jurubatuba - Senac
36%
Comendador Ermelino
34%
Eng Manoel Feio
34%
Granja Julieta
34%
João Dias
34%
Socorro
34%
Várzea Paulista
34%
Braz Cubas
31%
Jundiapeba
29%
Antônio Gianetti Neto
28%
Baltazar Fidélis
28%
Domingos de Moraes
28%
Guapituba
28%
Jardim Helena - Vila Mara
26%
Quitaúna
24%
Jardim Romano
22%
Comandante Sampaio
21%
Santa Terezinha
21%
Aracaré
19%
Jardim Belval
19%
Sagrado Coração
19%
Santa Rita
19%
Antônio João
17%
General Miguel Costa
17%
Ambuitá
16%
Jardim Silveira
16%
Engenheiro Cardoso
12%
Nenhum quiz correspondente encontrado
Distribuição das Pontuações
Porcentagem de Pessoas com Cada Pontuação
Percentil de Números Respondidos
Sua Pontuação Histórica
Você não jogou esse quiz